| 000 | 00659naa a2200193 4500 | ||
|---|---|---|---|
| 001 | 110231 | ||
| 003 | ES-MaBCM | ||
| 005 | 20241016140425.0 | ||
| 008 | 050808s2005 fra|r0p 0 ||fre d | ||
| 021 | _axx | ||
| 035 | _a(OCoLC)1365260835 | ||
| 040 | _cES-MaBCM | ||
| 100 | 1 |
_aMichel, Jérôme _962387 |
|
| 245 | 0 | 0 |
_aHibernatus, le droit, les droits de l'homme et la mort _b: le juge administratif face à la cryogénisation _cJérôme Michel |
| 520 | 0 | _aEstudia el problema de la criogenización en Francia | |
| 651 | 1 | 4 |
_aFrancia _9115364 |
| 773 | 0 |
_aEn: _t. Recueil Dalloz _dParis _w105307 _g181 année (2005) nº 26 (juin), p. 1742-1747 |
|
| 942 | _cAREV | ||
| 999 |
_c110231 _d110231 |
||